000 00548nam a2200181 u 4500
005 20230623063614.0
008 170324s2011 mx r 000 0 spa d
020 _a9786070902987
035 _aUPN01000217029
049 _aI
050 4 _aPQ7298.12 R7
_bQ5.6
100 1 _aBrozon, M. B.,
_d1970-
_931044
245 1 0 _a500 años después-- de una larga siesta /
_cM. B. Brozon ; il. Gabriel Gedovius.
260 _aMéxico :
_bPorrúa,
_c2011.
300 _a38 p. :
_bil. col.
650 4 _aCuentos infantiles mexicanos
_97723
905 _aInfantil
999 _c189129
_d189129